Administración de recursos humanos: el capital humano de las organizaciones

Αποθηκεύτηκε σε:
Λεπτομέρειες βιβλιογραφικής εγγραφής
Κύριος συγγραφέας: Chiavenato, Idalberto (autor)
Μορφή: Βιβλίο
Γλώσσα:Ισπανικά
Έκδοση: Cuernavaca McGraw-Hill 2017
Έκδοση:10a. ed
Θέματα:
Ετικέτες: Προσθήκη ετικέτας
Δεν υπάρχουν, Καταχωρήστε ετικέτα πρώτοι!

MARC

LEADER 00000cam a2200000 a 4500
001 UCC6407
003 CL-VaPUC
005 20230913140506.0
008 181207e20170000mx |||||||||||||||||spa|d
999 |c 373355  |d 373353 
020 |a 9781456256623 
040 |c Pontificia Universidad Católica de Valparaíso 
082 0 4 |a 658.3  |b CHI  |2 21 
100 |a Chiavenato, Idalberto   |e autor  |9 88 
245 1 0 |a Administración de recursos humanos: el capital humano de las organizaciones 
250 |a 10a. ed 
260 |a Cuernavaca  |b McGraw-Hill  |c 2017 
300 |a 425 p 
583 |a last modification  |c 20181207 13:37:00  |k Rodrigo Vera 
650 0 |a Administración del personal  |9 260442 
650 0 |a Recurso humano  |9 561244 
942 |c BK  |2 ddc 
945 |d 20181207 13:37:00  |a dcastane 
952 |0 0  |1 0  |3 erb  |4 0  |6 658_300000000000000_CHI_2017  |7 0  |8 R  |9 491430  |a BIBGIM  |b BIBGIM  |i 5521564  |l 6  |o 658.3 CHI 2017  |p 5521564  |r 2025-01-15  |s 2023-08-25  |w 2019-11-24  |y BK_R  |z Catalogado en:20181207  |k COM 
952 |0 0  |1 0  |3 erb  |4 0  |6 658_300000000000000_CHI_2017  |7 0  |8 R  |9 491431  |a BIBGIM  |b BIBGIM  |i 552198K  |l 6  |o 658.3 CHI 2017  |p 552198K  |r 2025-01-15  |s 2022-10-17  |w 2019-11-24  |y BK_R  |z Catalogado en:20181207  |k COM 
952 |0 0  |1 0  |3 erb  |4 0  |6 658_300000000000000_CHI_2017  |7 0  |8 R  |9 491432  |a BIBGIM  |b BIBGIM  |i 5521556  |l 10  |o 658.3 CHI 2017  |p 5521556  |r 2025-01-15  |s 2023-03-24  |w 2019-11-24  |y BK_R  |z Catalogado en:20181207  |k COM